000
00218nam a2200097Ia 4500
008
240331s9999 xx 000 0 und d
082
_b
COO
100
_a
Coomaraswamy,R
245
0
_a
Constellations of violence
942
_c
L
999
_c
4990
_d
4990